De Stael-Du Pont letters : (Record no. 79981)
[ view plain ]
| 000 -LEADER | |
|---|---|
| fixed length control field | 01052cam6a220026500 4500 |
| 001 - CONTROL NUMBER | |
| control field | lce00633825 |
| 008 - FIXED-LENGTH DATA ELEMENTS--GENERAL INFORMATION | |
| fixed length control field | 700802s1968 wiuch 000 0ceng |
| 010 ## - LIBRARY OF CONGRESS CONTROL NUMBER | |
| LC control number | 68009020 //r85 |
| 020 ## - INTERNATIONAL STANDARD BOOK NUMBER | |
| Terms of availability | 12.50 |
| 035 ## - SYSTEM CONTROL NUMBER | |
| System control number | (Sirsi) r123765 |
| 035 ## - SYSTEM CONTROL NUMBER | |
| System control number | (DLC) 68009020 //r85 |
| 035 ## - SYSTEM CONTROL NUMBER | |
| System control number | (UPRA)lce00633825 |
| 040 ## - CATALOGING SOURCE | |
| Modifying agency | UPRA |
| 041 0# - LANGUAGE CODE | |
| Language code of text/sound track or separate title | engfre |
| 050 0# - LIBRARY OF CONGRESS CALL NUMBER | |
| Classification number | PQ2431.Z5 |
| Item number | A22 |
| 082 ## - DEWEY DECIMAL CLASSIFICATION NUMBER | |
| Classification number | 846/.6 |
| 100 1# - MAIN ENTRY--PERSONAL NAME | |
| Titles and words associated with a name | Madame de q8.1..8.23 d8.1..32.10 |
| Linkage | A44246.1 |
| 245 10 - TITLE STATEMENT | |
| Title | De Stael-Du Pont letters : |
| Remainder of title | correspondence of Madame de Stael and Pierre Samuel Du Pont de Nemours and of other members of the Necker and Du Pont families / |
| Statement of responsibility, etc. | edited and translated by James F. Marshall. |
| 260 ## - PUBLICATION, DISTRIBUTION, ETC. | |
| Place of publication, distribution, etc. | Madison : |
| Name of publisher, distributor, etc. | University of Wisconsin Press, |
| Date of publication, distribution, etc. | 1968. |
| 500 ## - GENERAL NOTE | |
| General note | English and French. |
| 700 2# - ADDED ENTRY--PERSONAL NAME | |
| Personal name | Du Pont de Nemours, Pierre Samuel, 1739-1817. |
| Dates associated with a name | Du Pont de Nemours, Pierre Samuel, 1739-1817. |
| Linkage | A91871.1 |
| 700 1# - ADDED ENTRY--PERSONAL NAME | |
| Personal name | Marshall, James Fred, 1912- |
| Dates associated with a name | Marshall, James Fred, 1912- |
| Linkage | A91872.1 |
| 949 ## - LOCAL PROCESSING INFORMATION (OCLC) | |
| a | PQ2431.Z5 |
| w | lcc |
| i | -177937 |
| m | MAIN |
| t | BOOK |
| l | ON-SHELF |
No items available.